[Event "RSA-ch U16"]
[Site "Gauteng"]
[Date "2017.04.08"]
[Round "6"]
[White "Naicker, Sheldon"]
[Black "Varden, Trevelyn"]
[Result "0-1"]
[WhiteElo "1179"]
[BlackElo "1411"]
[PlyCount "56"]
[EventDate "2017.04.05"]
[EventType "swiss"]
[EventRounds "11"]
[EventCountry "RSA"]
[SourceTitle "CBM 177 Extra"]
[Source "ChessBase"]
[SourceDate "2017.04.27"]
[SourceVersion "1"]
[SourceVersionDate "2017.04.27"]
[SourceQuality "1"]

1. e4 c5 2. Nf3 g6 3. d4 cxd4 4. Nxd4 Bg7 5. Be3 Nc6 6. Nc3 Nf6 7. Bc4 Qa5 8. f3 Qb4 9. Nxc6 bxc6 10. Bb3 d6 11. Qd4 Qb7 12. Qd2 0-0 13. Bh6 Rb8 14. Bxg7 Kxg7 15. h4 h5 16. Ne2 Be6 17. Nd4 Bxb3 18. axb3 c5 19. Ne2 Rfc8 20. 0-0 c4 21. bxc4 Qxb2 22. Rfb1 Qe5 23. Qd4 Qxd4+ 24. Nxd4 Rxb1+ 25. Rxb1 Rxc4 26. Nb5 d5 27. exd5 Nxd5 28. Nxa7 Rxc2 0-1

[Event "RSA-ch U16"]
[Site "Gauteng"]
[Date "2017.04.05"]
[Round "1"]
[White "Naicker, Sheldon"]
[Black "Van der Westhuizen, Donald"]
[Result "0-1"]
[WhiteElo "1179"]
[BlackElo "1505"]
[PlyCount "52"]
[EventDate "2017.04.05"]
[EventType "swiss"]
[EventRounds "11"]
[EventCountry "RSA"]
[SourceTitle "CBM 177 Extra"]
[Source "ChessBase"]
[SourceDate "2017.04.27"]
[SourceVersion "1"]
[SourceVersionDate "2017.04.27"]
[SourceQuality "1"]

1. e4 g6 2. Nf3 Bg7 3. d4 d6 4. Nc3 a6 5. Be3 b5 6. a3 e6 7. Qd2 Nd7 8. Be2 Ne7 9. Bh6 0-0 10. Bxg7 Kxg7 11. h4 c5 12. h5 Rh8 13. Qf4 cxd4 14. Ng5 Qf8 15. Na2 h6 16. Nf3 e5 17. Qd2 Nf6 18. hxg6 Nxe4 19. Qd3 Nc5 20. Qd2 fxg6 21. 0-0 Bf5 22. Nxd4 Ne4 23. Nxf5+ Nxf5 24. Qe1 Nd4 25. f3 Nxe2+ 26. Qxe2 Ng3 0-1